In the shade of the Quran
| Main Author: | Qutb, Sayyid |
|---|---|
| Other Authors: | Salahi, M. A., Shamis, a. A. |
| Published: |
London:
MWH London Publishers,
1979.
|
| Subjects: |
| LEADER | 00559cam a2200181 7i4500 | ||
|---|---|---|---|
| 001 | 0000048664 | ||
| 005 | 20241128090000.0 | ||
| 020 | |a 0906194067 | ||
| 090 | 0 | 0 | |a BP130.4 |b .Q84 1979 |
| 100 | 1 | |a Qutb, Sayyid | |
| 245 | 1 | 0 | |a In the shade of the Quran |c Sayyid Qutb ; translated by M. A. Salahi, A. A. Shamis. |
| 260 | |a London: |b MWH London Publishers, |c 1979. | ||
| 300 | |a 366 p. | ||
| 500 | |a Gift: Zainol Ahmad Resource Center | ||
| 650 | 0 | 0 | |a Qur'an |
| 700 | 1 | |a Salahi, M. A. | |
| 700 | 1 | |a Shamis, a. A. | |
| 999 | |a 0000068057 |b BOK |c OPEN SHELF |e 1st Floor, Bestari Jaya | ||


